Фундаментальные проблемы моделирования турбулентных и двухфазных течений

Chi tiết về thư mục
Tác giả của công ty: Российская академия наук (РАН) Институт проблем безопасного развития атомной энергетики (ИБРАЭ)
Tác giả khác: Саркисов А. А. (редактор), Филиппов Г. А.
Ngôn ngữ:Tiếng Nga
Được phát hành: Москва, Комтехпринт, 2012
Định dạng: Sách
KOHA link:https://koha.lib.tpu.ru/cgi-bin/koha/opac-detail.pl?biblionumber=260724

MARC

LEADER 00000nam1a2200000 4500
001 260724
005 20231031221249.0
010 |a 9785903511327  
020 |a RU  |b 87-63802 
035 |a (RuTPU)RU\TPU\book\283694 
090 |a 260724 
100 |a 20140517g2012 k y0rusy5003 ca 
101 0 |a rus 
102 |a RU 
200 1 |a Фундаментальные проблемы моделирования турбулентных и двухфазных течений  |f Российская академия наук (РАН), Институт проблем безопасного развития атомной энергетики (ИБРАЭ) ; под ред. А. А. Саркисова ; Г. А. Филиппова 
210 |a Москва  |c Комтехпринт  |d 2012 
702 1 |a Саркисов  |b А. А.  |4 340 
702 1 |a Филиппов  |b Г. А.  |4 340 
712 0 2 |a Российская академия наук (РАН)  |b Институт проблем безопасного развития атомной энергетики (ИБРАЭ)  |c (Москва)  |2 stltpush  |3 (RuTPU)RU\TPU\col\7763 
801 0 |a RU  |b RuMRKP  |c 19950417  |g psbo 
801 1 |a RU  |b 63413507  |c 20140517 
801 2 |a RU  |b 63413507  |c 20150211  |g RCR 
942 |c BK